000 00492nam a2200133 a 4500
008 120416s1977 ||||||||||||||||| || u
050 _aHF 5547 Qui
100 _aQuible, Zane K
245 1 0 _aIntroduction to administrative office management
260 _aCambridge, [Mass.]
_bWinthrop
_c1977
300 _a711p. : ill.
350 _a0.00
995 _D0.00
_FCBU-MAIN LIBRARY (Kitwe)
_H1
_I0.00
_UAVAILABLE
_ZMain Library Open Access Collection
999 _c47591
_d47591